Estadísticas para Cronología del Edificio Más Alto de Latinoamérica

Haz click aquí para intentar la prueba.

Estadísticas generales

  • Esta prueba ha sido intentada 9 veces
  • La puntuación promedio es 2 de 15

Estadísticas de respuestas

AñosEdificioAltura MPaís% Correcto
1956-1972Torre Latinoamericana182 MMéxico
67%
2003-2011Torre Mayor230,1 MMéxico
67%
2013-ActualidadGran Torre Santiago300 MChile
33%
d.C. 100-1907Pirámide del Sol75 MMéxico Antiguo
33%
1923-1928Palacio Barolo100 MArgentina
11%
1928-1929Palacio Salvo105 MUruguay
11%
1977-1978Centro de Comercio Internacional192 MColombia
0%
1947-1956Edificio Altino Arantes161,2 MBrasil
0%
1929-1947Edificio Martinelli130 MBrasil
0%
300 a.C. - d.C. 100La Danta72 MGuatemala Antigua
0%
1907-1923Railway Building80 MArgentina
0%
1978-1979Torre Colpatria196 MColombia
0%
1979-2003Torres de Parque Central225 MVenezuela
0%
2011-2013Trump Ocean Club284 MPanamá
0%
1972-1977WTC Ciudad de México191,3 MMéxico
0%

Distribución de puntuación

Porcentaje por número respondido

Porcentaje de gente con cada puntuación

Historial de tus puntuaciones

No has intentado esta prueba.